Responses for Show #7312 - Tuesday, May 31, 2016

Contestants

[<< previous game]

Laurie Corrin, a community volunteer from Kirkland, Washington

Tim Mercure, a graduate student in mathematics from Washington, D.C.

Erin Delaney, an English professor from North Hills, California (whose 2-day cash winnings total $53,999)

[next game >>]

Jeopardy! Round responses

RODENTS
LOGOS
BODY PARTS IN SONG
"FRONT" & "BACK"
DO YOU HAVE ANY NINES?
GO HAMILTON FISH!
    $200 16
a porcupine

Laurie
    $200 21
(Sony's) PlayStation 4

Tim
    $200 1
throat

Tim
    $200 6
frontrunner

Tim
    $200 7
ninepin

Laurie
    $200 26
Grant

Tim
    $400 17
a chipmunk

Laurie
    $400 24
the New York Rangers

Laurie
    $400 2
(Erin: What is little finger?)

finger

ErinLaurie
    $400 8
backgammon

Laurie
    $400 12
armadillos

Tim
    $400 30
Spain

Erin
    $600 18
a dormouse

Erin
    $600 23
Mercedes-Benz

Laurie
    $600 3
legs

Erin
    $600 9
backlighting

Laurie
    $600 13
tragedy & comedy

Tim
    $600 27
(Laurie: What is Puerto Rico?)

Hawaii

TimLaurie
    $800 19
a capybara

Tim
    $800 22
Bacardi

Tim
    $800 4
(Tim: What is heart?)

shoulder

Tim
Triple Stumper
    $800 10
backbenchers

Triple Stumper
    $800 14
the Beatitudes

Tim
    $2,000 28
Columbia

Tim
    $1000 20
a prairie dog

Erin
    $1000 25
Apple

Tim
    $1000 5
hazel eyes

Erin
    $1000 11
Front Page

Laurie
    $1000 15
iron

Laurie
    $1000 29
The Nation

Triple Stumper

Scores at the first commercial break (after clue 15):

Erin Tim Laurie
$1,200 $1,400 $3,600

Scores at the end of the Jeopardy! Round:

Erin Tim Laurie
$3,200 $7,000 $4,600

Double Jeopardy! Round responses

NOTED AFRICAN AMERICANS
PARTS OF THE MOUNTAIN
U.S. AIRPORT CODES
ALSO A CHURCH WORD
DRAMA
AND THE OBSCURE OSCAR GOES TO...
    $400 1
(Tim: What is sperm?)

blood

ErinTim
    $400 15
Mount Everest

Tim
    $400 3
Salt Lake City

Tim
    $400 9
a host

Laurie
    $400 7
(Laurie: What is the Complete Folio?)

the First Folio

TimLaurie
    $400 23
[Alex reads "MMA" as "mixed martial arts".]

Gladiator

Erin
    $800 2
Harvard

Tim
    $800 16
(Laurie: What is Mount Kosciuszko?)

Mount Kilimanjaro

ErinLaurie
    $800 4
JFK

Tim
    $800 10
Creed

Erin
    $800 19
William Tell

Tim
    $800 24
Director

Erin
    $1200 11
Johnnie Cochran

Tim
    $1200 18
(Erin: What is the Matterhorn?)

Mont Blanc

ErinLaurie
    $1200 5
Baltimore & Washington

Tim
    $1200 12
a font

Tim
    $1200 28
puppets

Tim
    $1200 25
Beetlejuice

Erin
    $1600 17
a Space Shuttle

Laurie
    $3,000 20
Mount St. Helens

Tim
    $1600 6
(Alex: Yes, Dallas-Fort Worth.)

DFW

Erin
    $1600 13
Halo

Tim
    $1600 29
(Erin: Who is Guffman?)

Lefty

Erin
Triple Stumper
    $1600 26
(Tim: What is the dictator?)

Ziegfeld

TimLaurie
    $2000 22
Yorktown

Erin
    $2000 21
Mount Sinai

Triple Stumper
    $2000 8
Detroit

Triple Stumper
    $2000 14
(Tim: What is a tome?)

a litany

Tim
Triple Stumper
    $500 30
(Tim: Who is Chekhov?)

(Konstantin) Stanislavsky

Tim
    $2000 27
(Tim: Who is Mode?)

Edith Head

TimLaurie

Scores at the end of the Double Jeopardy! Round:

Erin Tim Laurie
$8,400 $13,500 $10,200

[wagering suggestions for these scores]

Final Jeopardy! Round responses

WORLD FAUNA
(Alex: And this island is the Platypus Capital of the World.)
ErinWhat is New Zealand
$8,400
LaurieWhat is Papua New Guinea?
$6,601
TimWhat is Tasmania?
$6,901
Tasmania

Final scores:

Erin Tim Laurie
$0 $20,401 $3,599
3rd place: $1,000 New champion: $20,401 2nd place: $2,000

Game dynamics:

Coryat scores:

Erin Tim Laurie
$8,400 $11,400 $10,200
13 R,
3 W
24 R
(including 2 DDs),
6 W
(including 1 DD)
15 R,
3 W

Combined Coryat: $30,000

[game clues] [game scores] [suggest correction]

Game tape date: 2016-03-10
The J! Archive is created by fans, for fans. Scraping, republication, monetization, and malicious use prohibited; this site may use cookies and collect identifying information. See terms. The Jeopardy! game show and all elements thereof, including but not limited to copyright and trademark thereto, are the property of Jeopardy Productions, Inc. and are protected under law. This website is not affiliated with, sponsored by, or operated by Jeopardy Productions, Inc. Join the discussion at JBoard.tv.